00585nam a22001697a 450000500170000001000150001702000270003203500140005903700130007308200120008610000210009824501050011926000440022427000770026830000200034550000500036520200915115128.0 aENG-127994 a9789353286712c1095.00 aEN-111526 bDBAD/PUB a338.954 aMishra, Prahlad  aEconomic Reforms in SAARC Countries :cby Prahlad Mishrab Impact of LPG on Development Indicators/ aNew DelhibSage Publication Indiac2020 aB1/1-1 Mohan Cooperative Industrial Area Mathura RoadbNew Delhie110044 a257p.c22cm(hb) aincludes bibliographical references and index